000 01055nac a22002897a 4500
001 BR7800772
003 BR-BrBNA
005 20240105114208.0
008 230509b bl.|||m| |||| 00| 0 por d
040 _aBR-BrBNA
_bpor
_cBiblioteca Nacional de Agricultura
072 _aE30
090 _aE30 BR7800772
110 1 _aUnidade Regional de Supervisao Norte de Planejamento Agricola, Belem, PA (Brasil)
_910410
245 1 _aRelatorio de atividades julho a setembro de 1977 [Unidade Regional de Supervisao Norte de Planejamento Agricola, Para, Brasil]
260 3 _aBelem, PA (Brasil):
_c1977.
300 _a73 p.
490 _aRelatorio Trimestral - Unidade Regional de Supervisao Norte de Planejamento Agricola (Brazil)
_v
_x
500 _a6 graphs
650 _aPLANEJAMENTO AGRICOLA
650 _aDESENVOLVIMENTO AGRICOLA
650 _aPLANEJAMENTO ECONOMICO
650 _aDESENVOLVIMENTO ECONOMICO
650 _aPROJETO DE DESENVOLVIMENTO
650 _aPARA
909 _a202312
_bLúcia Elande
_c55
_dLúcia Elande
942 _2AGRIS
_n0
_cMS
999 _c267943
_d267943